000 00326nam a2200121Ia 4500
008 240731s9999 xx 000 0 und d
022 _a2637-5494
245 0 _aBritish Journal for the History of Mathematics
260 _bTaylor & Francis
856 _uhttps://www.tandfonline.com/loi/tbsh21
942 _2ddc
942 _cTFEJ
999 _c75671
_d75671
945 _a1
_bMadushi Gamage
_c1
_dMadushi Gamage